000 00247nam a22001097a 4500
082 _a604.2 BEG'I
100 _aBEG, S. U MAJOR
_979270
245 _aAN INTRODUCTION TO MAP READING
260 _aQUETTA
_bALBERT
_c1952
300 _a53P
942 _cBK
999 _c584320
_d584320